=LDR 00000nam 2200000 4500 =001 INLIS000000000035129 =005 20200901013856 =035 ##$$a 0010-061300000035129 =008 200901################g##########0#ind## =041 ##$$a Ind =082 ##$$a 301.07 =090 ##$$a 301.07, Suh s =100 ##$$a Suhardi =245 1#$$a Sosiologi 1 : $b Untuk SMA/MA kelas X /$c Suhardi, Sri sunarti; Editor, Ahmad muttaqin =260 ##$$a Jakarta :$b Pusat Pembukuan,$c 2009 =300 ##$$a 210 hlm : $b Ilus ; $c 17,5 x 25 cm =650 #4$$a Sosiologi =850 ##$$a NBPNMAT =020 ##$$a 978-979-068-207-8 =084 ##$$a 301.07 SUH s =700 #$$a Sri sunarti =504 ##$$a Bibliografi : Hlm. 201 - 210 =990 ##$$a 90320/BPAP-NTB/2014 =990 ##$$a 21007440 =990 ##$$a 0001/BPAP-NTB/20142014 =990 ##$$a 0001/BPAP-NTB/20142015